000 00545nam a2200217Ia 4500
003 OSt
005 20230615153254.0
008 210210b1996 xxu||||| |||| 00| 0 eng d
020 _a81 207 1654 X
040 _cAL
041 _aEnglish
082 _a954 MAJM
100 _aMAJUMDAR (R C) and CHOPRA (P N).
_9124089
245 _aMain currents of Indian history
250 _a4
260 _aNew Delhi.
_bSterling Publishers Pvt Ltd.,
_c1996
300 _a251
690 _aIndian History
_9124090
906 _a051478
942 _2ddc
_cBK
999 _c100011
_d100011